000
00301nam a22001457a 4500
003
SGT
082
_a
510,SAR
100
_a
SARAN,N
245
_a
SPECIAL FUNCTIONS
250
_a
17TH
260
_a
MEERUTI
_b
PRAGATI PRAKASHAN
_c
2016
300
_a
456
650
_a
MATHEMATICS
942
_2
ddc
_c
FPS
_0
18
999
_c
10014
_d
10014